000 00658nam a2200229Ia 4500
003 OSt
005 20220927110949.0
006 a|||||r|||| 00| 0
007 ta
008 220926b |||||||| |||| 00| 0 eng d
024 _a94947
037 _cReports
040 _aRTL
_cRTL
_beng
041 _2eng
_aeng
082 _a"X9(F1129)p2,76, L6/UN"
111 _aMeeting on Safety in the Design and Operation of Ammonia Plants (1976 : New Delhi)
_9380986
245 0 _aReport
260 _aNew
_bDelhi UNIDO India
_c1976
650 _aTechnological Industry
942 _h"X9(F1129)p2,76, L6/UN"
_cCC
999 _c698413
_d698413